| 000 | 00700nam a2200229 i 4500 | ||
|---|---|---|---|
| 001 | 42590 | ||
| 003 | ES-MaACL | ||
| 005 | 20240507111647.0 | ||
| 007 | t| | ||
| 008 | 030407s1999 ag ||||1| spa d | ||
| 020 | _a987-9396-03-0 | ||
| 080 | _a821.111 Shakespeare, William 1.06 | ||
| 100 | 1 |
_aAuden, W. H. _923843 |
|
| 245 | 1 | 3 |
_aEl mundo de Shakespeare / _cW.H. Auden. |
| 260 |
_aBuenos Aires : _bAdriana Hidalgo, _c[1999] |
||
| 300 |
_a195 p. ; _c21 cm. |
||
| 490 | 1 | _aEl otro lado. Ensayo | |
| 600 | 1 | 4 |
_aShakespeare, William, _d1564-1616- _xCrÃtica e interpretación _9105993 |
| 830 | 0 |
_aEl otro lado. Ensayo _9181948 |
|
| 852 |
_aES-MaACL _jL-26203 _bR.131616 |
||
| 999 |
_c42590 _d42590 |
||